Loading...
| History - World | 0 | 6 | 2 | 1 | 50 | 66 | 88.83 | 2 | 5 | 15.54 | 39.58 |
| History - American | 1 | 4 | 1 | 2 | 50 | 65 | 102.00 | 1 | 3 | 10.77 | 25.00 |
| History - Other | 0 | 4 | 1 | 1 | 35 | 81 | 112.25 | 0 | 1 | 5.65 | 15.00 |
| History - European | 0 | 3 | 0 | 2 | 30 | 80 | 110.00 | 0 | 0 | 3.93 | 10.23 |
| Literature - British | 1 | 1 | 0 | 0 | 25 | 51 | 89.50 | 1 | 1 | 7.11 | 11.36 |
| Pop Culture | 0 | 2 | 0 | 0 | 20 | 73 | 77.50 | 0 | 1 | 17.87 | 30.00 |
| Religion | 1 | 0 | 0 | 0 | 15 | 47 | 47.00 | 1 | 1 | 6.38 | 10.00 |
| Literature - European | 0 | 1 | 0 | 0 | 10 | 130 | 130.00 | 0 | 1 | 0.65 | 7.95 |
| Science - Biology | 0 | 1 | 0 | 0 | 10 | 66 | 66.00 | 0 | 1 | 4.05 | 7.95 |
| Mythology | 0 | 1 | 0 | 1 | 10 | 126 | 126.00 | 0 | 0 | 0.08 | 1.25 |
| Other Academic | 0 | 1 | 0 | 0 | 10 | 79 | 79.00 | 1 | 1 | 20.30 | 50.00 |
| Social Science | 0 | 0 | 1 | 0 | -5 | 0.00 | 0 | 0 | 0.00 | 0.00 | |
| Literature - World | 0 | 0 | 1 | 0 | -5 | 0.00 | 0 | 0 | 0.00 | 0.00 |